Alle landen waar een A in zit. - Statistieken

Algemene statistieken
  • Deze quiz is 289 keer genomen
    248 sinds de laatste reset
  • De gemiddelde score is 105 van 148
Antwoordstatistieken
Antwoord % Correct
Albanië
98%
Australië
94%
Spanje
92%
Algerije
90%
Estland
90%
Japan
90%
Rusland
90%
Afghanistan
88%
China
88%
Duitsland
88%
Letland
88%
Noord-Korea
88%
Argentinië
85%
Frankrijk
85%
Monaco
85%
Angola
83%
Armenië
83%
Brazilië
83%
Canada
83%
Finland
83%
Italië
83%
Marokko
83%
Nederland
83%
Oezbekistan
83%
Pakistan
83%
Zuid-Korea
83%
Andorra
81%
Kazachstan
81%
Portugal
81%
Verenigde Staten
81%
Griekenland
79%
Haïti
79%
Ierland
79%
Laos
79%
Paraguay
79%
Saoedi-Arabië
79%
Zuid-Afrika
79%
Azerbeidzjan
77%
Colombia
77%
IJsland
77%
Namibië
77%
Qatar
77%
Vaticaanstad
77%
Vietnam
77%
Bolivia
75%
Bulgarije
75%
Centraal-Afrikaanse Republiek
75%
Denemarken
75%
Dominica
75%
Dominicaanse Republiek
75%
India
75%
Irak
75%
Iran
75%
Israël
75%
Madagaskar
75%
Maleisië
75%
Saint Lucia
75%
Cambodja
73%
Marshalleilanden
73%
Myanmar
73%
Nepal
73%
Nieuw-Zeeland
73%
Oman
73%
Panama
73%
Salomonseilanden
73%
San Marino
73%
Thailand
73%
Uruguay
73%
Bahama's
71%
Cuba
71%
Gambia
71%
Guatemala
71%
Jamaica
71%
Jordanië
71%
Mali
71%
Malta
71%
Mauritanië
71%
Nicaragua
71%
Singapore
71%
Venezuela
71%
Zwitserland
71%
Bangladesh
69%
Barbados
69%
Belarus
69%
Ecuador
69%
El Salvador
69%
Equatoriaal-Guinea
69%
Ghana
69%
Libanon
69%
Nigeria
69%
Noord-Macedonië
69%
Zambia
69%
Bhutan
67%
Botswana
67%
Eritrea
67%
Hongarije
67%
Kaapverdië
67%
Mauritius
67%
Mozambique
67%
Oekraïne
67%
Suriname
67%
Taiwan
67%
Turkmenistan
67%
Congo-Brazzaville
65%
Congo-Kinshasa
65%
Costa Rica
65%
Guyana
65%
Moldavië
65%
Papoea-Nieuw-Guinea
65%
Soedan
65%
Somalië
65%
Tadzjikistan
65%
Antigua en Barbuda
63%
Honduras
63%
Kroatië
63%
Oeganda
63%
Rwanda
63%
Sao Tomé en Principe
63%
Zimbabwe
63%
Burkina Faso
60%
Guinee-Bissau
60%
Kenia
60%
Liberia
60%
Palau
60%
Samoa
60%
Slowakije
60%
Gabon
58%
Grenada
58%
Saint Vincent en de Grenadines
58%
Sri Lanka
58%
Eswatini
56%
Nauru
56%
Senegal
56%
Tanzania
56%
Zuid-Soedan
56%
Bosnië en Herzegovina
54%
Kameroen
54%
Kiribati
54%
Malawi
54%
Saint Kitts en Nevis
54%
Tonga
54%
Trinidad en Tobago
54%
Tsjaad
54%
Verenigde Arabische Emiraten
54%
Sierra Leone
50%
Vanuatu
50%
Malediven
48%
Tuvalu
48%
Geen overeenkomende quizzen gevonden
Scoreverdeling
Procent van Mensen met Elke Score
Percentiel versus Aantal Correcte Antwoorden
Uw Scoregeschiedenis
U heeft deze quiz nog niet genomen sinds de laatste reset